La Elección popular del Alcalde Municipal /
Tallennettuna:
| Päätekijä: | |
|---|---|
| Aineistotyyppi: | Teksti |
| Aiheet: | |
| Tagit: |
Lisää tagi
Ei tageja, Lisää ensimmäinen tagi!
|
MARC
| LEADER | 00000 a a2200000 04500 | ||
|---|---|---|---|
| 001 | 17081 | ||
| 003 | |||
| 040 | |||
| 100 | |a Chaves Salas, Erick | ||
| 245 | |a La Elección popular del Alcalde Municipal / |c Erick Chaves Salas | ||
| 650 | |a GOBIERNO LOCAL | ||
| 650 | |a ELECCIONES | ||
| 650 | |a DEMOCRACIA | ||
| 650 | |a PARTICIPACION POLITICA | ||
| 650 | |a PARTIDOS POLITICOS | ||
| 650 | |a DESCENTRALIZACION | ||
| 650 | |a SOCIEDAD CIVIL | ||
| 773 | |g volumen 6, número 2; páginas 293-302 | ||
| 999 | |c 37116 |d 37116 | ||
